[Event "EU-ch 25th"]
[Site "Eforie Nord"]
[Date "2025.03.23"]
[Round "8"]
[White "Muradli, Mahammad"]
[Black "Stoyanov, Tsvetan"]
[Result "1-0"]
[WhiteElo "2584"]
[BlackElo "2469"]
[PlyCount "75"]
[EventDate "2025.03.15"]
[EventType "swiss"]
[EventRounds "11"]
[EventCountry "ROU"]
[SourceTitle "CB13_2025"]
[SourceDate "2025.03.26"]
[SourceVersion "1"]
[SourceVersionDate "2025.03.26"]
[SourceQuality "1"]

1. Nf3 d5 2. e3 Nf6 3. c4 e6 4. Nc3 b6 5. b3 Bb7 6. Bb2 Nbd7 7. cxd5 exd5 8. Rc1 a6 9. Ne2 c5 10. g3 d4 11. Bg2 dxe3 12. dxe3 g6 13. 0-0 Bg7 14. Ne5 Bxg2 15. Kxg2 Nxe5 16. Bxe5 0-0 17. Nc3 Qe7 18. Bxf6 Qxf6 19. Nd5 Qe6 20. Qf3 Rac8 21. Rc2 Rfe8 22. Rfc1 Red8 23. Rd1 Re8 24. Nf4 Qf5 25. Rcc1 Be5 26. Rd5 Rcd8 27. Rcd1 Rxd5 28. Rxd5 Qc2 29. Nd3 Bg7 30. Rd6 Qxa2 31. Rxb6 Qc2 32. Rb7 Rf8 33. Qd5 c4 34. bxc4 a5 35. Ra7 Bc3 36. c5 Kg7 37. c6 a4 38. Qc4 1-0

[Event "EU-ch 25th"]
[Site "Eforie Nord"]
[Date "2025.03.22"]
[Round "7"]
[White "Stoyanov, Tsvetan"]
[Black "Ciorgovean, Iustin"]
[Result "1-0"]
[WhiteElo "2469"]
[BlackElo "2267"]
[PlyCount "69"]
[EventDate "2025.03.15"]
[EventType "swiss"]
[EventRounds "11"]
[EventCountry "ROU"]
[SourceTitle "CB13_2025"]
[SourceDate "2025.03.26"]
[SourceVersion "1"]
[SourceVersionDate "2025.03.26"]
[SourceQuality "1"]

1. e4 c5 2. Nf3 a6 3. g3 Nc6 4. Bg2 e6 5. 0-0 Nf6 6. Re1 d6 7. c3 Be7 8. d4 cxd4 9. cxd4 d5 10. e5 Ne4 11. Nc3 Nxc3 12. bxc3 0-0 13. h4 Bd7 14. Ng5 h6 15. Nh3 f6 16. Nf4 f5 17. c4 dxc4 18. d5 exd5 19. Bxd5+ Kh7 20. Bxc4 Rc8 21. Be6 Bb4 22. Bxd7 Bxe1 23. Ne6 Qe7 24. Bg5 Qb4 25. Rb1 Qc3 26. Rc1 Qa5 27. Bf4 Bc3 28. Bxc8 Rxc8 29. Qh5 Bd2 30. Qf7 Rc7 31. Nxc7 Bxc1 32. Ne8 Qe1+ 33. Kg2 Qe4+ 34. Kh2 Qe2 35. Qxg7# 1-0

[Event "EU-ch 25th"]
[Site "Eforie Nord"]
[Date "2025.03.20"]
[Round "6"]
[White "Svane, Rasmus"]
[Black "Stoyanov, Tsvetan"]
[Result "1-0"]
[WhiteElo "2627"]
[BlackElo "2469"]
[PlyCount "45"]
[EventDate "2025.03.15"]
[EventType "swiss"]
[EventRounds "11"]
[EventCountry "ROU"]
[SourceTitle "CB13_2025"]
[SourceDate "2025.03.26"]
[SourceVersion "1"]
[SourceVersionDate "2025.03.26"]
[SourceQuality "1"]

1. d4 d5 2. c4 dxc4 3. Nf3 Nf6 4. Qa4+ Nbd7 5. Nc3 a6 6. e4 e6 7. Bxc4 Rb8 8. Qc2 b5 9. Bd3 Bb7 10. Bf4 Rc8 11. d5 exd5 12. 0-0-0 b4 13. Nxd5 Bd6 14. Bg5 h6 15. Nxf6+ gxf6 16. Bh4 Bf4+ 17. Kb1 Qe7 18. e5 b3 19. axb3 Bxf3 20. gxf3 Nxe5 21. Rhe1 h5 22. Bg3 Bxg3 23. hxg3 1-0

[Event "EU-ch 25th"]
[Site "Eforie Nord"]
[Date "2025.03.18"]
[Round "4"]
[White "Skytte, Rasmus"]
[Black "Stoyanov, Tsvetan"]
[Result "1/2-1/2"]
[WhiteElo "2343"]
[BlackElo "2469"]
[PlyCount "65"]
[EventDate "2025.03.15"]
[EventType "swiss"]
[EventRounds "11"]
[EventCountry "ROU"]
[SourceTitle "CB13_2025"]
[SourceDate "2025.03.26"]
[SourceVersion "1"]
[SourceVersionDate "2025.03.26"]
[SourceQuality "1"]

1. e4 c6 2. d4 d5 3. Nd2 dxe4 4. Nxe4 Nf6 5. Nxf6+ exf6 6. Be3 Bd6 7. Bd3 Bf5 8. Bxf5 Qa5+ 9. c3 Qxf5 10. Qb3 b6 11. Nf3 0-0 12. 0-0 Nd7 13. c4 Rfe8 14. Rac1 Rac8 15. Rfd1 Bb8 16. Qc2 Qh5 17. d5 Ne5 18. Nxe5 Bxe5 19. g3 f5 20. Qd2 Rcd8 21. Bf4 h6 22. Re1 f6 23. b4 cxd5 24. Bxe5 fxe5 25. cxd5 Qf7 26. d6 Rd7 27. Rc6 Qe6 28. a4 Red8 29. Rd1 f4 30. Qd5 Qxd5 31. Rxd5 fxg3 32. hxg3 Kf7 33. Rxe5 1/2-1/2

[Event "EU-ch 25th"]
[Site "Eforie Nord"]
[Date "2025.03.17"]
[Round "3"]
[White "Stoyanov, Tsvetan"]
[Black "Manea, Alexandru"]
[Result "1-0"]
[WhiteElo "2469"]
[BlackElo "2260"]
[PlyCount "77"]
[EventDate "2025.03.15"]
[EventType "swiss"]
[EventRounds "11"]
[EventCountry "ROU"]
[SourceTitle "CB13_2025"]
[SourceDate "2025.03.26"]
[SourceVersion "1"]
[SourceVersionDate "2025.03.26"]
[SourceQuality "1"]

1. c4 e6 2. Nf3 d5 3. e3 Nf6 4. Nc3 b6 5. cxd5 exd5 6. b4 a6 7. Bb2 Bd6 8. Qa4+ c6 9. b5 Bb7 10. bxc6 Nxc6 11. Ne2 0-0 12. Ned4 Nxd4 13. Bxd4 Ne4 14. Qc2 b5 15. Qb2 f6 16. a4 b4 17. a5 g5 18. h3 Qe7 19. Bd3 Rae8 20. Rg1 f5 21. g3 g4 22. Nh2 h5 23. Be2 Rf7 24. Nf1 Ng5 25. hxg4 fxg4 26. Rh1 Rh7 27. Bf6 Qe4 28. Bxg5 Qxh1 29. Qf6 Rg7 30. Qxd6 Rxg5 31. Qd7 Rf8 32. Qxb7 Qg2 33. 0-0-0 Qe4 34. Kb2 Rxf2 35. Qxa6 d4 36. Rc1 dxe3 37. Rc8+ Rf8 38. Rxf8+ Kxf8 39. Qf6+ 1-0

[Event "EU-ch 25th"]
[Site "Eforie Nord"]
[Date "2025.03.16"]
[Round "2"]
[White "Saric, Ivan"]
[Black "Stoyanov, Tsvetan"]
[Result "1-0"]
[WhiteElo "2652"]
[BlackElo "2469"]
[PlyCount "85"]
[EventDate "2025.03.15"]
[EventType "swiss"]
[EventRounds "11"]
[EventCountry "ROU"]
[SourceTitle "CB13_2025"]
[SourceDate "2025.03.26"]
[SourceVersion "1"]
[SourceVersionDate "2025.03.26"]
[SourceQuality "1"]

1. e4 e5 2. Nf3 Nf6 3. Nc3 Nc6 4. h3 Bb4 5. Bd3 0-0 6. 0-0 d6 7. Ne2 Bc5 8. Ng3 Ne7 9. c3 Ng6 10. Bc2 c6 11. d4 Bb6 12. Re1 Re8 13. Be3 h6 14. Qd2 Be6 15. a4 a5 16. Rad1 Qc7 17. Nf5 d5 18. exd5 Bxf5 19. Bxf5 e4 20. Bxg6 exf3 21. Bf4 Rxe1+ 22. Rxe1 Qc8 23. Bc2 fxg2 24. Kxg2 Nxd5 25. Bxh6 Bc7 26. Qd3 f5 27. Bd2 g6 28. Bb3 Qd7 29. Qf3 Rf8 30. Bg5 Rf7 31. h4 Kg7 32. h5 Qd6 33. Rh1 Rf8 34. Bxd5 Qxd5 35. h6+ Kf7 36. Qxd5+ cxd5 37. Kf3 Re8 38. h7 Rh8 39. Bf4 Bd8 40. Be5 Bf6 41. Kf4 Ke6 42. Bxf6 Kxf6 43. Rh6 1-0

[Event "Sant Boi de Llobregat op 5th"]
[Site "Sant Boi de Llobregat"]
[Date "2024.12.07"]
[Round "9"]
[White "Sokolovsky, Yahli"]
[Black "Stoyanov, Tsvetan"]
[Result "1/2-1/2"]
[WhiteElo "2516"]
[BlackElo "2465"]
[PlyCount "51"]
[EventDate "2024.11.29"]
[EventType "swiss"]
[EventRounds "10"]
[EventCountry "ESP"]
[SourceTitle "CB50_2024"]
[SourceDate "2024.11.01"]
[SourceVersion "1"]
[SourceVersionDate "2024.11.01"]
[SourceQuality "2"]

1. e4 e5 2. Nf3 Nf6 3. Nxe5 d6 4. Nf3 Nxe4 5. Nc3 Nxc3 6. dxc3 Be7 7. Be3 0-0 8. Qd2 Nd7 9. 0-0-0 Re8 10. Bd3 Nf6 11. Rhe1 Bg4 12. h3 Bxf3 13. gxf3 d5 14. h4 Bf8 15. Rg1 Qd6 16. Bg5 a6 17. c4 dxc4 18. Bxc4 Qxd2+ 19. Rxd2 Be7 20. Rgd1 Bd6 21. Bxf6 gxf6 22. Rd4 Kf8 23. Rg4 f5 24. Rg2 Bf4+ 25. Kb1 Bh6 26. Bd3 1/2-1/2

[Event "Sant Boi de Llobregat op 5th"]
[Site "Sant Boi de Llobregat"]
[Date "2024.12.06"]
[Round "8"]
[White "Stoyanov, Tsvetan"]
[Black "Seo, Jung Min"]
[Result "1/2-1/2"]
[WhiteElo "2465"]
[BlackElo "2505"]
[PlyCount "43"]
[EventDate "2024.11.29"]
[EventType "swiss"]
[EventRounds "10"]
[EventCountry "ESP"]
[SourceTitle "CB50_2024"]
[SourceDate "2024.11.01"]
[SourceVersion "1"]
[SourceVersionDate "2024.11.01"]
[SourceQuality "2"]

1. c4 e5 2. Nc3 Bb4 3. Nd5 Be7 4. d4 d6 5. e4 Nf6 6. Nxe7 Qxe7 7. f3 exd4 8. Qxd4 Nc6 9. Qc3 0-0 10. Ne2 Nh5 11. g4 Qh4+ 12. Kd1 Nf6 13. Qe1 Qxe1+ 14. Kxe1 Ne5 15. Kf2 Nxc4 16. Bg5 Nxb2 17. Nc3 Be6 18. Rb1 Nc4 19. Bxc4 Bxc4 20. Rxb7 Rfc8 21. Bxf6 gxf6 22. Rc1 1/2-1/2

[Event "Sant Boi de Llobregat op 5th"]
[Site "Sant Boi de Llobregat"]
[Date "2024.12.05"]
[Round "7"]
[White "Quintiliano Pinto, Renato Rodrigues"]
[Black "Stoyanov, Tsvetan"]
[Result "0-1"]
[WhiteElo "2507"]
[BlackElo "2465"]
[PlyCount "88"]
[EventDate "2024.11.29"]
[EventType "swiss"]
[EventRounds "10"]
[EventCountry "ESP"]
[SourceTitle "CB50_2024"]
[SourceDate "2024.11.01"]
[SourceVersion "1"]
[SourceVersionDate "2024.11.01"]
[SourceQuality "2"]

1. d4 d5 2. c4 dxc4 3. Nf3 Nf6 4. e3 e6 5. Bxc4 a6 6. a4 c5 7. 0-0 cxd4 8. exd4 Nc6 9. Nc3 Be7 10. Be3 0-0 11. Ne5 Qc7 12. Nxc6 bxc6 13. Qe2 Bb7 14. Rfc1 c5 15. Bd3 Qc6 16. Qf1 Rfd8 17. Ne2 Ng4 18. Bf4 e5 19. Bg3 exd4 20. h3 Nf6 21. b4 Ne4 22. Bxe4 Qxe4 23. Nf4 Qf5 24. bxc5 Bxc5 25. Nd3 Bf8 26. Rab1 Be4 27. Rd1 Rac8 28. f3 Bc6 29. Ra1 Bd5 30. Rd2 Rc3 31. Qd1 Bb3 32. Qb1 Rdc8 33. Nf2 Bc2 34. Qe1 d3 35. Ne4 R3c6 36. Qe3 Qg6 37. Kh2 Rd8 38. Rc1 Qe6 39. Qf4 h6 40. Re1 Rc4 41. Qh4 Be7 42. Qf4 Kh8 43. Re3 Qg6 44. Bh4 Bd6 0-1

[Event "Sant Boi de Llobregat op 5th"]
[Site "Sant Boi de Llobregat"]
[Date "2024.12.02"]
[Round "4"]
[White "Stoyanov, Tsvetan"]
[Black "Gombocz, Ferenc Jr"]
[Result "1/2-1/2"]
[WhiteElo "2465"]
[BlackElo "2333"]
[PlyCount "77"]
[EventDate "2024.11.29"]
[EventType "swiss"]
[EventRounds "10"]
[EventCountry "ESP"]
[SourceTitle "CB50_2024"]
[SourceDate "2024.11.01"]
[SourceVersion "1"]
[SourceVersionDate "2024.11.01"]
[SourceQuality "2"]

1. e4 e5 2. Nf3 Nc6 3. d4 exd4 4. Nxd4 Bc5 5. Nxc6 bxc6 6. Bd3 Qh4 7. Qe2 Nf6 8. Be3 Bxe3 9. Qxe3 0-0 10. 0-0 Re8 11. f3 d6 12. Nd2 Nd5 13. Qf2 Qxf2+ 14. Kxf2 Nb4 15. a3 Nxd3+ 16. cxd3 a5 17. Rfc1 Bd7 18. b3 Kf8 19. Rc3 Reb8 20. Rac1 Ra6 21. d4 Rab6 22. g4 Ke7 23. h4 h5 24. g5 g6 25. Re1 Kd8 26. Rec1 R8b7 27. f4 Be6 28. Rxc6 Bxb3 29. Rxb6 Rxb6 30. Ke3 Ba4 31. d5 Rb2 32. Rc3 Ra2 33. e5 Kd7 34. Ne4 Rh2 35. exd6 cxd6 36. Nf2 Rg2 37. Ne4 Rh2 38. Nf2 Rg2 39. Ne4 1/2-1/2

[Event "EU-ch 24th"]
[Site "Petrovac"]
[Date "2024.11.18"]
[Round "10"]
[White "Pichot, Alan"]
[Black "Stoyanov, Tsvetan"]
[Result "1-0"]
[WhiteElo "2649"]
[BlackElo "2465"]
[PlyCount "119"]
[EventDate "2024.11.08"]
[EventType "swiss"]
[EventRounds "11"]
[EventCountry "MNE"]
[SourceTitle "CB47_2024"]
[SourceDate "2024.11.20"]
[SourceVersion "1"]
[SourceVersionDate "2024.11.20"]
[SourceQuality "1"]

1. e4 e5 2. Nf3 Nf6 3. d4 Nxe4 4. dxe5 d5 5. Nbd2 Qd7 6. Bd3 Nc5 7. Be2 Ne6 8. 0-0 Be7 9. Re1 0-0 10. Nf1 c5 11. Bd3 Nc6 12. c3 Rd8 13. h4 Qe8 14. Bc2 Nf8 15. Bf4 d4 16. Qe2 Be6 17. Rad1 dxc3 18. bxc3 Rxd1 19. Rxd1 Rd8 20. Rb1 Qd7 21. Ne3 Bxa2 22. Bxh7+ Kxh7 23. Qxa2 Ne6 24. Bg3 Kg8 25. Rd1 Qc8 26. Nd5 Bf8 27. h5 Nc7 28. c4 Qf5 29. h6 Nb4 30. Qb3 Ncxd5 31. hxg7 Be7 32. cxd5 Rxd5 33. Rxd5 Nxd5 34. Qxd5 Qb1+ 35. Kh2 Qh7+ 36. Kg1 Qb1+ 37. Kh2 Qh7+ 38. Bh4 Bxh4 39. g3 Be7+ 40. Kg2 Qxg7 41. Qxb7 Bf8 42. Qxa7 Qg4 43. Qb7 Qe6 44. Qe4 Bg7 45. Qa8+ Bf8 46. Qb7 c4 47. Qe4 Bg7 48. Qa8+ Bf8 49. Qb7 c3 50. Qc7 Qb3 51. Ng5 c2 52. e6 Qd5+ 53. Kh2 Qf5 54. exf7+ Kg7 55. f4 Kg6 56. Qc6+ Kh5 57. Nf3 Bc5 58. f8Q Bxf8 59. Ne5 Bd6 60. Qe8+ 1-0

[Event "EU-ch 24th"]
[Site "Petrovac"]
[Date "2024.11.15"]
[Round "7"]
[White "Stoyanov, Tsvetan"]
[Black "Bodrogi, Bendeguz"]
[Result "1/2-1/2"]
[WhiteElo "2465"]
[BlackElo "2358"]
[PlyCount "116"]
[EventDate "2024.11.08"]
[EventType "swiss"]
[EventRounds "11"]
[EventCountry "MNE"]
[SourceTitle "CB47_2024"]
[SourceDate "2024.11.20"]
[SourceVersion "1"]
[SourceVersionDate "2024.11.20"]
[SourceQuality "1"]

1. e4 c6 2. d4 d5 3. Nc3 dxe4 4. Nxe4 Nf6 5. Nxf6+ exf6 6. c3 Bd6 7. Bd3 0-0 8. Qc2 Re8+ 9. Ne2 h5 10. 0-0 h4 11. h3 Nd7 12. Bd2 Nf8 13. Rae1 Bc7 14. f4 Qd6 15. c4 f5 16. Bxf5 Bxf5 17. Qxf5 Re6 18. c5 Qd7 19. d5 cxd5 20. Nd4 g6 21. Qg4 Rxe1 22. Rxe1 Re8 23. Qxd7 Rxe1+ 24. Bxe1 Nxd7 25. c6 bxc6 26. Nxc6 Bxf4 27. Bxh4 f5 28. Bf2 a6 29. Nb4 Be5 30. b3 Nb8 31. Nxd5 Nc6 32. Bc5 Kf7 33. Kf2 Ke6 34. Nb4 Bd4+ 35. Ke2 Bxc5 36. Nxc6 Kd5 37. Na5 Kd4 38. Nc4 Kc3 39. Ne5 g5 40. Kd1 Be7 41. Nc6 Bd6 42. Nd8 g4 43. Nf7 gxh3 44. gxh3 Be7 45. Ne5 Kb2 46. Nc6 Bd6 47. h4 Kxa2 48. Kc2 f4 49. Nd4 Be5 50. Nf3 Bg7 51. h5 Ka3 52. Ne1 a5 53. Nf3 Kb4 54. Ng5 Bh6 55. Nf7 Bg7 56. h6 Bxh6 57. Nxh6 a4 58. bxa4 Kxa4 1/2-1/2

[Event "EU-ch 24th"]
[Site "Petrovac"]
[Date "2024.11.13"]
[Round "6"]
[White "Hovakimyan, Vache"]
[Black "Stoyanov, Tsvetan"]
[Result "1/2-1/2"]
[WhiteElo "2319"]
[BlackElo "2465"]
[PlyCount "41"]
[EventDate "2024.11.08"]
[EventType "swiss"]
[EventRounds "11"]
[EventCountry "MNE"]
[SourceTitle "CB47_2024"]
[SourceDate "2024.11.20"]
[SourceVersion "1"]
[SourceVersionDate "2024.11.20"]
[SourceQuality "1"]

1. d4 Nf6 2. c4 e6 3. Nc3 d5 4. cxd5 exd5 5. Bg5 Bb4 6. e3 h6 7. Bxf6 Qxf6 8. Qb3 Qd6 9. a3 Bxc3+ 10. Qxc3 Bf5 11. Ne2 Nd7 12. Nf4 0-0 13. Bd3 Bxd3 14. Nxd3 a5 15. 0-0 a4 16. Rfc1 c6 17. b3 axb3 18. Qxb3 Ra7 19. Nc5 Nxc5 20. Rxc5 Rfa8 21. g3 1/2-1/2

[Event "ROM-chT"]
[Site "Mamaia"]
[Date "2024.10.01"]
[Round "4.2"]
[White "Aryan, Chopra"]
[Black "Stoyanov, Tsvetan"]
[Result "1-0"]
[WhiteElo "2620"]
[BlackElo "2471"]
[PlyCount "157"]
[EventDate "2024.09.28"]
[EventType "team-tourn"]
[EventRounds "9"]
[EventCountry "ROU"]
[SourceTitle "EXT 2025"]
[Source "ChessBase"]
[SourceDate "2024.10.14"]
[SourceVersion "1"]
[SourceVersionDate "2024.10.14"]
[SourceQuality "1"]
[WhiteTeam "Arad Vados"]
[BlackTeam "Galati Smart"]
[WhiteTeamCountry "ROU"]
[BlackTeamCountry "ROU"]

1. e4 e5 2. Nf3 Nf6 3. Nxe5 d6 4. Nf3 Nxe4 5. Nc3 Nxc3 6. dxc3 Be7 7. Be3 0-0 8. Qd2 Nd7 9. 0-0-0 Re8 10. Bd3 Nf6 11. Rhe1 Bg4 12. Kb1 Qd7 13. Qe2 Bf8 14. h3 Bf5 15. Bxf5 Qxf5 16. g4 Qe4 17. c4 g6 18. Nd4 b6 19. Nb5 Qc6 20. Qd3 a6 21. Nc3 Bg7 22. Bd4 Rxe1 23. Rxe1 Re8 24. Rxe8+ Qxe8 25. a3 Qe1+ 26. Ka2 Ne8 27. Nd5 Bxd4 28. Qxd4 Qe2 29. c3 h6 30. h4 b5 31. cxb5 axb5 32. g5 hxg5 33. hxg5 c6 34. Qe3 Qc4+ 35. b3 Qxd5 36. Qxe8+ Kh7 37. Qe3 Qd1 38. Kb2 d5 39. Qf4 Qe2+ 40. Kc1 Qe1+ 41. Kc2 Qe2+ 42. Qd2 Qe4+ 43. Kb2 Kg8 44. Qe3 Qg4 45. Qe8+ Kg7 46. Qe5+ Kg8 47. Kc2 Qf3 48. Qe8+ Kh7 49. Qe3 Qf5+ 50. Kc1 Qg4 51. Kd2 Qf5 52. a4 Qb1 53. axb5 Qb2+ 54. Ke1 cxb5 55. b4 Qc2 56. f3 Kg8 57. Kf1 Kh7 58. Ke1 Kg8 59. Qd2 Qf5 60. Kf2 Qe5 61. Qe3 Qh2+ 62. Kf1 Qc2 63. Qe8+ Kg7 64. Qe5+ Kg8 65. Qxd5 Qxc3 66. Qxb5 Qxf3+ 67. Ke1 Qe3+ 68. Kd1 Kf8 69. Qd5 Ke7 70. Kc2 Qb6 71. Qe5+ Kd7 72. b5 Qf2+ 73. Kc3 Qf3+ 74. Kb4 Qd3 75. Kc5 Qc2+ 76. Kb6 Qf2+ 77. Qc5 Qf4 78. Qc6+ Kd8 79. Qf6+ 1-0

[Event "Titled Tuesday intern op 10th Sep Late"]
[Site "Chess,com INT"]
[Date "2024.09.10"]
[Round "2"]
[White "Stalmach, Richard"]
[Black "Stoyanov, Tsvetan"]
[Result "1-0"]
[WhiteElo "2431"]
[BlackElo "2471"]
[PlyCount "95"]
[EventDate "2024.09.10"]
[EventType "swiss (blitz)"]
[EventRounds "11"]
[EventCountry "USA"]
[SourceTitle "EXT 2025"]
[Source "ChessBase"]
[SourceDate "2024.10.14"]
[SourceVersion "1"]
[SourceVersionDate "2024.10.14"]
[SourceQuality "1"]

1. c4 e5 2. Nc3 Bb4 3. e3 Nf6 4. Nge2 0-0 5. a3 Bxc3 6. Nxc3 d5 7. cxd5 Nxd5 8. Qc2 Nc6 9. Be2 Be6 10. 0-0 Qe7 11. b4 a6 12. Bb2 Rad8 13. Rac1 f5 14. d3 f4 15. Ne4 fxe3 16. fxe3 Rxf1+ 17. Bxf1 Nxe3 18. Qc5 Nxf1 19. Qxe7 Nxe7 20. Kxf1 Nc6 21. Nc5 Bc8 22. Nxa6 Rxd3 23. Nxc7 Rb3 24. Rc2 Bf5 25. Rf2 g6 26. Nd5 Kg7 27. Ke1 Nd4 28. Bxd4 exd4 29. a4 Be4 30. Nf4 Bf5 31. b5 Rb4 32. Ra2 d3 33. g3 g5 34. Ng2 Rb1+ 35. Kf2 Be4 36. Ne3 Rh1 37. Nf1 Kf6 38. a5 Ke5 39. a6 bxa6 40. bxa6 Bd5 41. a7 Kd4 42. a8Q Bxa8 43. Rxa8 Kc3 44. Rc8+ Kb2 45. Kg2 d2 46. Rd8 Kc1 47. Rc8+ Kb1 48. Nxd2+ 1-0

[Event "Titled Tuesday intern op 10th Sep Late"]
[Site "Chess,com INT"]
[Date "2024.09.10"]
[Round "1"]
[White "Stoyanov, Tsvetan"]
[Black "Shapiro, Viktor"]
[Result "1-0"]
[WhiteElo "2471"]
[BlackElo "2074"]
[PlyCount "81"]
[EventDate "2024.09.10"]
[EventType "swiss (blitz)"]
[EventRounds "11"]
[EventCountry "USA"]
[SourceTitle "EXT 2025"]
[Source "ChessBase"]
[SourceDate "2024.10.14"]
[SourceVersion "1"]
[SourceVersionDate "2024.10.14"]
[SourceQuality "1"]

1. e4 c5 2. Nf3 d6 3. d4 cxd4 4. Nxd4 Nf6 5. Nc3 a6 6. Be3 e5 7. Nf3 Be6 8. Ng5 Bg4 9. f3 Be6 10. Nxe6 fxe6 11. Bc4 Qd7 12. a4 Nc6 13. 0-0 Nb4 14. Bb3 d5 15. exd5 exd5 16. Bg5 d4 17. Ne4 Be7 18. Qd2 Nbd5 19. Rae1 0-0-0 20. Qe2 Nxe4 21. Bxe7 Qxe7 22. Bxd5 Nf6 23. Bb3 Rhe8 24. Qd3 Kb8 25. Re2 Nd7 26. Qxh7 Nc5 27. Bc4 Qf6 28. Qh3 Rh8 29. Qg3 Rde8 30. b3 Rh5 31. Rfe1 Rg5 32. Qf2 Rf8 33. h4 Rf5 34. Qg3 Rf4 35. Rxe5 Nd7 36. Re7 Qd6 37. Qxg7 Nc5 38. b4 d3 39. cxd3 Qd4+ 40. Qxd4 Rxd4 41. bxc5 1-0

[Event "Titled Tuesday intern op 30th Jul Early"]
[Site "Chess.com INT"]
[Date "2024.07.30"]
[Round "7"]
[White "Ghevondyan, Arman"]
[Black "Stoyanov, Tsvetan"]
[Result "0-1"]
[WhiteElo "2216"]
[BlackElo "2461"]
[PlyCount "110"]
[EventDate "2024.07.30"]
[EventType "swiss (blitz)"]
[EventRounds "11"]
[EventCountry "USA"]
[SourceTitle "EXT 2025"]
[Source "ChessBase"]
[SourceDate "2024.10.14"]
[SourceVersion "1"]
[SourceVersionDate "2024.10.14"]
[SourceQuality "1"]

1. Nf3 d5 2. g3 Bg4 3. Ne5 Bf5 4. Bg2 f6 5. Nf3 e5 6. d3 Bd6 7. 0-0 Ne7 8. c4 c6 9. Nc3 Be6 10. cxd5 cxd5 11. Bd2 a6 12. Rc1 Nbc6 13. a3 0-0 14. b4 Rc8 15. Na4 e4 16. Ne1 f5 17. Nc5 Bxc5 18. Rxc5 b6 19. Rc1 Ng6 20. Nc2 exd3 21. exd3 f4 22. Re1 Qf6 23. gxf4 Kh8 24. Qh5 Bf5 25. Qf3 Nh4 26. Qg3 Nxg2 27. Kxg2 Qh6 28. Bc3 Rcd8 29. Nd4 Nxd4 30. Bxd4 Rd6 31. Kh1 Rg6 32. Qe3 Qh5 33. Rg1 Rg8 34. Rg3 h6 35. Rcg1 Kh7 36. Rxg6 Bxg6 37. f3 Qf5 38. Be5 Re8 39. d4 Rc8 40. Qf2 Rc2 41. Qg3 Rc6 42. h3 b5 43. Kh2 Qc2+ 44. Rg2 Qf5 45. h4 Qh5 46. Qg4 Qf5 47. h5 Qxg4 48. fxg4 Be4 49. Rf2 Rc3 50. f5 Rxa3 51. f6 gxf6 52. Rxf6 Rf3 53. Bf4 Kg7 54. g5 hxg5 55. h6+ Kxf6 0-1

[Event "Titled Tuesday intern op 30th Jul Early"]
[Site "Chess.com INT"]
[Date "2024.07.30"]
[Round "2"]
[White "Manukian, Artak"]
[Black "Stoyanov, Tsvetan"]
[Result "0-1"]
[WhiteElo "2196"]
[BlackElo "2461"]
[PlyCount "66"]
[EventDate "2024.07.30"]
[EventType "swiss (blitz)"]
[EventRounds "11"]
[EventCountry "USA"]
[SourceTitle "EXT 2025"]
[Source "ChessBase"]
[SourceDate "2024.10.14"]
[SourceVersion "1"]
[SourceVersionDate "2024.10.14"]
[SourceQuality "1"]

1. e4 c5 2. Nf3 d6 3. Bb5+ Nd7 4. 0-0 Ngf6 5. Bd3 e6 6. c3 a6 7. Bc2 c4 8. a4 Rb8 9. d4 cxd3 10. Qxd3 Be7 11. Bf4 Nc5 12. Qe2 e5 13. Bg3 0-0 14. Rd1 Qc7 15. Na3 Bg4 16. Nc4 Bh5 17. a5 Bg6 18. Nfxe5 dxe5 19. Bxe5 Qc6 20. Bxb8 Rxb8 21. f3 Qc7 22. Nb6 Ne6 23. g3 Bc5+ 24. Kg2 Re8 25. Nd5 Nxd5 26. Rxd5 Ba7 27. Rad1 h5 28. Bb3 Nc5 29. Bc2 h4 30. Qc4 Qe7 31. b4 Ne6 32. Rd7 Qg5 33. Qd5 Nf4+ 0-1

[Event "TUR-chT 2nd League"]
[Site "Denizli"]
[Date "2024.07.16"]
[Round "2.5"]
[White "Stoyanov, Tsvetan"]
[Black "Ilkimen, Mehmet Emre"]
[Result "1-0"]
[WhiteElo "2461"]
[BlackElo "1938"]
[PlyCount "111"]
[EventDate "2024.07.15"]
[EventType "team-swiss"]
[EventRounds "9"]
[EventCountry "TUR"]
[SourceTitle "EXT 2025"]
[Source "ChessBase"]
[SourceDate "2024.10.14"]
[SourceVersion "1"]
[SourceVersionDate "2024.10.14"]
[SourceQuality "1"]
[WhiteTeam "Akcakoca Kultur Sanat"]
[BlackTeam "Denizli Ihtisas"]
[WhiteTeamCountry "TUR"]
[BlackTeamCountry "TUR"]

1. e4 c6 2. d4 d5 3. Nc3 dxe4 4. Nxe4 Bf5 5. Ng3 Bg6 6. Bc4 e6 7. N1e2 Bd6 8. h4 h6 9. Nf4 Bxf4 10. Bxf4 Nf6 11. h5 Bh7 12. c3 0-0 13. Qf3 Nbd7 14. 0-0 Nd5 15. Bd2 Qh4 16. Be2 e5 17. Nf5 Qf6 18. Bd3 exd4 19. cxd4 Bxf5 20. Bxf5 N7b6 21. Rad1 Nc4 22. Bc1 Nd6 23. Bg4 Qxf3 24. Bxf3 Rfe8 25. Rd3 Rad8 26. Rb3 Nb6 27. Be3 Nf5 28. Rd1 Re7 29. g4 Nxe3 30. fxe3 Nc4 31. Kf2 Nd6 32. Rc1 Rdd7 33. Rc5 Ne4+ 34. Bxe4 Rxe4 35. Kf3 Rde7 36. Ra5 a6 37. Rf5 f6 38. Rc5 Kf7 39. Rcc3 R4e6 40. Rb6 Rd7 41. Rcb3 Ree7 42. Rd3 g6 43. hxg6+ Kxg6 44. Kf4 Rf7 45. e4 Rfe7 46. d5 cxd5 47. Rxd5 Kf7 48. Rxd7 Rxd7 49. Kf5 Rc7 50. Rxf6+ Kg7 51. Rg6+ Kh7 52. e5 Re7 53. Rd6 Kg7 54. e6 Kf8 55. Rd8+ Kg7 56. Rd7 1-0

[Event "Titled Tuesday intern op 28th May Early"]
[Site "Chess.com INT"]
[Date "2024.05.28"]
[Round "2"]
[White "Stoyanov, Tsvetan"]
[Black "Gajic, Mladen"]
[Result "0-1"]
[WhiteElo "2473"]
[BlackElo "2294"]
[PlyCount "70"]
[EventDate "2024.05.28"]
[EventType "swiss (blitz)"]
[EventRounds "11"]
[EventCountry "USA"]
[SourceTitle "EXT 2025"]
[Source "ChessBase"]
[SourceDate "2024.10.14"]
[SourceVersion "1"]
[SourceVersionDate "2024.10.14"]
[SourceQuality "1"]

1. e4 Nf6 2. Nc3 d6 3. d4 e5 4. Nf3 Nbd7 5. Bc4 Be7 6. 0-0 0-0 7. a4 c6 8. Re1 b6 9. d5 Bb7 10. Bg5 cxd5 11. Nxd5 Rc8 12. Nxe7+ Qxe7 13. Bb5 Rfd8 14. a5 h6 15. Bxd7 Rxd7 16. Bxf6 Qxf6 17. axb6 axb6 18. Qe2 d5 19. exd5 Rxd5 20. Ra7 Bc6 21. Qa6 Rb8 22. Rc7 Ra5 23. Qe2 e4 24. Nd2 Qd6 25. Rxc6 Qxc6 26. c4 Re5 27. Qe3 Qc5 28. Qc3 Rbe8 29. b4 Qc6 30. Nf1 f5 31. Qb3 f4 32. c5+ Kh8 33. cxb6 Qxb6 34. Nd2 e3 35. fxe3 Rxe3 0-1

[Event "Sardinia World op-A"]
[Site "Orosei"]
[Date "2024.05.03"]
[Round "8"]
[White "Stoyanov, Tsvetan"]
[Black "Nurgaliyev, Sauat"]
[Result "1-0"]
[WhiteElo "2473"]
[BlackElo "2262"]
[PlyCount "47"]
[EventDate "2024.04.27"]
[EventType "swiss"]
[EventRounds "9"]
[EventCountry "ITA"]
[SourceTitle "CBM 220 Extra"]
[Source "ChessBase"]
[SourceDate "2024.07.31"]
[SourceVersion "1"]
[SourceVersionDate "2024.07.31"]
[SourceQuality "1"]

1. e4 c5 2. Nf3 d6 3. d4 cxd4 4. Nxd4 Nf6 5. Nc3 a6 6. Rg1 e5 7. Nb3 Be6 8. g4 d5 9. exd5 Nxd5 10. Nxd5 Qxd5 11. Qxd5 Bxd5 12. Be3 Nc6 13. 0-0-0 Be4 14. Nc5 Bf3 15. Rd2 Rc8 16. Rg3 Nb4 17. Rxf3 Bxc5 18. Bxc5 Rxc5 19. Rb3 a5 20. a3 Nc6 21. Rxb7 0-0 22. Rc7 f5 23. Rdd7 Rf6 24. g5 1-0